00223nam a2200097 a 4500008004100000050002000041100002500061245002100086260000900107350000900116120416s1991 xx |||||||||||||| || u aS 494.5.A45 Har aHart, Robert A. de J10aForest gardening c1991 a0.00